LIBRARY & INFORMATION CENTRE, KCAET, TAVANUR

ONLINE PUBLIC ACCESS CATALOGUE (OPAC)

General Engineering workshop practices (Record no. 16734)

MARC details
000 -LEADER
fixed length control field 00257nam a22001097a 4500
003 - CONTROL NUMBER IDENTIFIER
control field OSt
008 - FIXED-LENGTH DATA ELEMENTS--GENERAL INFORMATION
fixed length control field 210119b ||||| |||| 00| 0 eng d
082 ## - DEWEY DECIMAL CLASSIFICATION NUMBER
Classification number 670.423
Item number GEN
245 ## - TITLE STATEMENT
Title General Engineering workshop practices
942 ## - ADDED ENTRY ELEMENTS (KOHA)
Koha item type Books
Holdings
Withdrawn status Lost status Damaged status Home library Current library Date acquired Full call number Accession Number Koha item type
      KAUAET KAUAET 19/01/2021 670.423 GEN 2573 Books
Withdrawn     KAUAET KAUAET 19/01/2021   2574 Books
free website counter